Office Management (Record no. 15547)

MARC details
000 -LEADER
fixed length control field 00607nam a2200229 a 4500
020 ## - INTERNATIONAL STANDARD BOOK NUMBER
ISBN 817649674X
082 00 - DEWEY DECIMAL CLASSIFICATION NUMBER
Classification number 651.3
Author Cutter MAN
100 ## - MAIN ENTRY--AUTHOR NAME
Author name Manning, Marilyn
245 ## - TITLE STATEMENT
Title Office Management
Sub title Productivity and Effectiveness Guide
260 ## - PUBLICATION, DISTRIBUTION, ETC. (IMPRINT)
Place of publication New Delhi
Name of publisher Viva Books, 3rd Edition
Year of publication 2004
300 ## - PHYSICAL DESCRIPTION
Number of Pages 102p
500 ## - GENERAL NOTE
General note includes index and biblioraphy
650 ## - SUBJECT ADDED ENTRY--TOPICAL TERM
Topical Term Office Management
942 ## - ADDED ENTRY ELEMENTS (KOHA)
Koha item type Books
700 1# -
-- Manning, Marilyn
Holdings
Collection code Home library Current library Date acquired Cost, normal purchase price Full call number Accession Number Koha item type
  Henry Martyn Institute Library Henry Martyn Institute Library 03/06/2007 99.00 651.3 MAN 021879 Books
                   Copyright © 2026 | Henry Martyn Institute | Hyderabad | TS-500052 | INDIA | Implemented by hmi.edu.in
Hit-Count:

Powered by Koha